| 000 | 02070nam a22004217a 4500 | ||
|---|---|---|---|
| 003 | CHAP | ||
| 005 | 20220329143754.0 | ||
| 008 | 110803s2007 enka r 00010 eng d | ||
| 010 | _a101710 | ||
| 011 | _a102682 | ||
| 020 | _a9780754623342 | ||
| 035 | _a113371 | ||
| 040 | _cCHAP | ||
| 082 | 0 | 4 |
_a333.7021 _bSt29 |
| 245 | 0 | 4 |
_aThe stated preference approach to environmental valuation _c/editado por Richard T. Carson. |
| 260 |
_aAldershot, Eng. : _bAshgate, _c2007 |
||
| 300 |
_a3 v. : _bilus. |
||
| 490 | 4 | _aThe International library of environmental economics and policy | |
| 505 | 0 | _av. 1. Foundations, initial development, statistical approaches -- v. 2. Conceptual and empirical issues -- v. 3. Applications : benefit-cost analysis and natural resource damage assessment. | |
| 590 |
_aBATCH-UPD _b10 _c20130110 _lUCH01 _h1250 |
||
| 590 |
_aBATCH-UPD _b10 _c20130410 _lUCH01 _h0812 |
||
| 590 |
_aBATCH-UPD _b10 _c20130914 _lUCH01 _h0853 |
||
| 590 |
_aCONVERSION _b10 _c20130109 _lUCH01 _h1356 |
||
| 650 | 1 | 4 |
_aDesarrollo económico _xMétodos estadísticos. _932055 |
| 650 | 1 | 4 |
_aEconomía ambiental. _935258 |
| 650 | 1 | 4 |
_aMedio ambiente _xMétodos estadísticos. _974102 |
| 650 | 1 | 4 |
_aPolítica ambiental. _990422 |
| 700 | 1 |
_aCarson, Richard T. _e, ed. _919599 |
|
| 830 | 4 |
_aThe International library of environmental economics and policy _9112669 |
|
| 901 | _aBK | ||
| 942 | _cLIBRO | ||
| 949 |
_a333.7021 St29 _bBC _cLIBRO _d33724002300280 _eLIBRO _fv.3 c.2 _gI. 258491 _h115491 _i113371 _sb _t$13.228.80 |
||
| 949 |
_a333.7021 St29 _bBC _cLIBRO _d33724002300322 _eLIBRO _fv.1 _gI. 258491 _h115486 _i113371 _sb _t$13.228.80 |
||
| 949 |
_a333.7021 St29 _bBC _cLIBRO _d33724002300363 _eLIBRO _fv.2 _gI. 258491 _h115488 _i113371 _sb _t$13.228.80 |
||
| 949 |
_a333.7021 St29 _bBC _cLIBRO _d33724002300421 _eLIBRO _fv.1 c.2 _gI. 258471 _h115487 _i113371 _sb _t$13.228.80 |
||
| 949 |
_a333.7021 St29 _bBC _cLIBRO _d33724002300462 _eLIBRO _fv.2 c.2 _gI. 258471 _h115489 _i113371 _sb _t$13.228.80 |
||
| 949 |
_a333.7021 St29 _bBC _cLIBRO _d33724002300504 _eLIBRO _fv.3 _gI. 258471 _h115490 _i113371 _sb _t$13.228.80 |
||
| 999 |
_c101710 _d101710 |
||